000 00902nam a2200289Ia 4500
003 OSt
005 20221007121910.0
006 a|||||r|||| 00| 0
007 ta
008 221006b |||||||| |||| 00| 0 eng d
020 _a3540200371 (hbd)
024 _a12026
037 _cTextual
040 _aBDL
_cBDL
_beng
041 _2eng
_aeng
082 _aJ:4, P4 Carb
100 _aHirt Heribert Ed.
_9465480
245 0 _aPlant responses to abiotic stress
_b Shinozaki Kazuo Ed.
260 _aBerlin
_bSpringer-Verlag
_c2004
300 _axiii, 300p.
_ccm.
490 _aTopics in current genetics; 4
500 _aIncludes bibliographical references; Index 297-300p.
650 _aAbiotic stress
_9713110
700 _a Shinozaki Kazuo Ed.
_9713111
942 _hJ:4, P4 Carb
_cTEXL
_2CC
999 _c1209518
_d1209518